00610nam a22001335i 4500001000700000003000900007005001700016008004100033245016600074260004500240300002200285650004000307852012900347169987ES-MaACL20230906214247.0090108q1834 sp |||| | spa d00aInstrucción que ha de observarse en los cordones sanitarios mandados establecer en Real Orden expedida por el Ministerio de lo Interior en 19 de junio de 1834. aMadrid : b[s.n., c1834?] (fImp. Real) a[8] p. ; c20 cm. 4aSalud pública-zEspaña-yS.XIX.4 aES-MaACLjT-370-F-26 z- Dedicatoria manuscrita: "A la biblioteca de "Los Escolares Médicos", el socio S. Vélez Sanz